Sekuritizácia katastrofických mortalitných rizík

Katastrofy ako veľký potenciálny problém pre solventnosť nielen neživotných ale aj životných poisťovní. Sekuritizácia mortalitného rizika ako nový nástroj risk manažmentu. Mortalitné dlhopisy. Konštrukcia EIB dlhopisu. Konštrukcia Swiss Re dlhopisu. Model oceňovania na neúplnom trhu. Model pre Swiss...

Celý popis

Uložené v:
Podrobná bibliografia
Hlavný autor: Smažáková, Lenka, 1991-
Ďalší autori: Pinda, Ľudovít, 1958-
Médium: Kapitola
Jazyk:Slovak
Predmet:
Tagy: Pridať tag
Žiadne tagy, Buďte prvý, kto otaguje tento záznam!

MARC

LEADER 00000naa$a2200000$$$4500
001 0249114
005 20240502074001.9
041 0 |a slo 
044 |a SK 
245 1 0 |a Sekuritizácia katastrofických mortalitných rizík  |c Lenka Smažáková, Ľudovít Pinda 
520 |a Katastrofy ako veľký potenciálny problém pre solventnosť nielen neživotných ale aj životných poisťovní. Sekuritizácia mortalitného rizika ako nový nástroj risk manažmentu. Mortalitné dlhopisy. Konštrukcia EIB dlhopisu. Konštrukcia Swiss Re dlhopisu. Model oceňovania na neúplnom trhu. Model pre Swiss Re dlhopis. 
610 2 0 |a poisťovníctvo 
610 2 0 |a poistenie životné 
610 2 0 |a poisťovne 
610 2 0 |a riziko 
610 2 0 |a úmrtnosť 
610 2 0 |a sekuritizácia 
610 2 0 |a modely 
610 2 0 |a dlhopisy 
610 2 0 |a papiere cenné 
610 2 0 |a oceňovanie 
100 1 |a Smažáková, Lenka, 1991- 
700 1 |a Pinda, Ľudovít, 1958-